=LDR 00000nam 2200000 4500 =001 001121 =005 20250713032149 =035 ##$$a 0010-0725001005 =007 ta =008 250713################a##########0#ind## =020 ##$$a 987-623-472-195-9 =082 ##$$a 398. 209 598 =084 ##$$a 398. 209 598 SHA j =100 #$$a Sharma, Dropti =245 1#$$a Jamuan Sang Singa /$c Dropti Sharma =250 ##$$a Cetakan Pertama =260 ##$$a Jakarta Timur :$b Badan Pengembangan dan Pembinaan Bahasa,$c 2024 =300 ##$$a 16 hlm. : $b Ilus. ; $c 22,9 cm =650 #4$$a Cerita anak Indonesia-Terjemahan =650 #4$$a Literasi-Bahan Bacaan =990 ##$$a TBM202400668